The holy Quran : Arabic text and English translation / (Record no. 4718)
[ view plain ]
| 000 -LEADER | |
|---|---|
| fixed length control field | 01183cam a2200289 a 4500 |
| 001 - CONTROL NUMBER | |
| control field | 452562 |
| 005 - DATE AND TIME OF LATEST TRANSACTION | |
| control field | 20110902171032.0 |
| 008 - FIXED-LENGTH DATA ELEMENTS--GENERAL INFORMATION | |
| fixed length control field | 821213s1982 nyu 000 0 eng |
| 010 ## - LIBRARY OF CONGRESS CONTROL NUMBER | |
| LC control number | 82182968 |
| 020 ## - INTERNATIONAL STANDARD BOOK NUMBER | |
| International Standard Book Number | 1853727792 |
| 040 ## - CATALOGING SOURCE | |
| Original cataloging agency | DLC |
| Transcribing agency | DLC |
| Modifying agency | DLC |
| 041 0# - LANGUAGE CODE | |
| Language code of text/sound track or separate title | eng |
| -- | ara |
| Language code of original and/or intermediate translations of text | ara |
| 050 00 - LIBRARY OF CONGRESS CALL NUMBER | |
| Classification number | BP109 |
| 082 00 - DEWEY DECIMAL CLASSIFICATION NUMBER | |
| Classification number | 297.1225 HOL |
| Edition number | 22 |
| 130 0# - MAIN ENTRY--UNIFORM TITLE | |
| Uniform title | Koran. |
| Language of a work | English & Arabic. |
| 9 (RLIN) | 5550 |
| 245 14 - TITLE STATEMENT | |
| Title | The holy Quran : Arabic text and English translation / |
| Remainder of title | |
| Statement of responsibility, etc | translated by Maulawi Sher 'Ali |
| 260 ## - PUBLICATION, DISTRIBUTION, ETC. (IMPRINT) | |
| Place of publication, distribution, etc | Elmhurst, NY, USA (P.O. Box 1115, Elmhurst 11373) : |
| Name of publisher, distributor, etc | Islamabad, Sheephatch Lane : |
| Date of publication, distribution, etc | 2009 |
| 300 ## - PHYSICAL DESCRIPTION | |
| Extent | 821 p. ; |
| Dimensions | 23 cm. |
| 500 ## - GENERAL NOTE | |
| General note | Arabic and English. |
| 700 1# - ADDED ENTRY--PERSONAL NAME | |
| Personal name | Sarwar, Muhammad, |
| Titles and other words associated with a name | Shaikh. |
| 9 (RLIN) | 5551 |
| 740 0# - ADDED ENTRY--UNCONTROLLED RELATED/ANALYTICAL TITLE | |
| Uncontrolled related/analytical title | Qurʾān al-karīm. |
| 906 ## - LOCAL DATA ELEMENT F, LDF (RLIN) | |
| a | 7 |
| b | cbc |
| c | orignew |
| d | 2 |
| e | ncip |
| f | 19 |
| g | y-gencatlg |
| 942 ## - ADDED ENTRY ELEMENTS (KOHA) | |
| Source of classification or shelving scheme | Dewey Decimal Classification |
| Item type | Books |
| Withdrawn status | Lost status | Source of classification or shelving scheme | Damaged status | Not for loan | Home library | Current library | Shelving location | Date acquired | Total Checkouts | Full call number | Barcode | Date last seen | Price effective from | Koha item type |
|---|---|---|---|---|---|---|---|---|---|---|---|---|---|---|
| Dewey Decimal Classification | Law Development Centre Main Library | Archives | Text Books and Laws | 09/02/2011 | 297.1225 HOL | 2011/3164 | 09/02/2011 | 09/02/2011 | Books | |||||
| Dewey Decimal Classification | Law Development Centre Main Library | Law Development Centre Main Library | Text Books and Laws | 09/02/2011 | 297.1225 HOL | 2011/3162 | 09/02/2011 | 09/02/2011 | Books | |||||
| Dewey Decimal Classification | Law Development Centre Main Library | Law Development Centre Main Library | Text Books and Laws | 09/02/2011 | 297.1225 HOL | 2011/3163 | 09/02/2011 | 09/02/2011 | Books |
